[Event "Malinska Krk op"]
[Site "Malinska"]
[Date "2019.11.02"]
[Round "4"]
[White "Pranjic, Mitja"]
[Black "Mazuran, Marijan"]
[Result "0-1"]
[WhiteElo "1884"]
[BlackElo "2104"]
[PlyCount "110"]
[EventDate "2019.10.30"]
[EventType "swiss"]
[EventRounds "5"]
[EventCountry "CRO"]
[SourceTitle "CBM 192 Extra"]
[Source "Chessbase"]
[SourceDate "2019.11.06"]
[SourceVersion "1"]
[SourceVersionDate "2019.11.06"]
[SourceQuality "1"]

1. e4 e5 2. Nf3 Nc6 3. Bb5 f5 4. d3 d6 5. 0-0 Nf6 6. Re1 Be7 7. exf5 0-0 8. Nbd2 Bxf5 9. Nf1 Bg4 10. h3 Bxf3 11. gxf3 Nd4 12. Bc4+ d5 13. Bb3 Qd7 14. c3 Nxb3 15. axb3 Qxh3 16. Rxe5 Bd6 17. Rg5 Nh5 18. f4 Nxf4 19. Bxf4 Rxf4 20. Ra4 Rxa4 21. bxa4 Re8 22. Rxd5 Qe6 23. Rg5 h6 24. Rg4 Qe2 25. Qxe2 Rxe2 26. b4 Kf7 27. Re4 Rc2 28. Rc4 g5 29. Kg2 Bf4 30. Kf3 Ke6 31. Ng3 Rd2 32. Re4+ Kf7 33. Rd4 Be5 34. Rd5 Ke6 35. c4 c6 36. Rd8 Ke7 37. Ne4 Rxf2+ 38. Nxf2 Kxd8 39. Kg4 Bf4 40. Ne4 Ke7 41. b5 Be3 42. Kf3 Bg1 43. Kg4 Ke6 44. Nd2 Be3 45. Nf3 Kf6 46. Ne1 Kg6 47. Kf3 Bc5 48. Ke4 g4 49. d4 Bd6 50. Nd3 h5 51. c5 Bc7 52. Nf4+ Bxf4 53. Kxf4 Kf6 54. d5 cxd5 55. c6 bxc6 0-1

[Event "SLO-chT2 East"]
[Site "Slovenia"]
[Date "2016.11.12"]
[Round "6"]
[White "Pranjic, Mitja"]
[Black "Zagorsek, David"]
[Result "0-1"]
[WhiteElo "1924"]
[BlackElo "1945"]
[PlyCount "94"]
[EventDate "2016.09.24"]
[EventType "team-tourn"]
[EventRounds "9"]
[EventCountry "SLO"]
[SourceTitle "EXT 2019"]
[Source "ChessBase"]
[SourceDate "2018.10.10"]
[SourceVersion "1"]
[SourceVersionDate "2018.10.10"]
[SourceQuality "1"]
[WhiteTeam "Crna"]
[BlackTeam "Ptuj II"]
[WhiteTeamCountry "SLO"]
[BlackTeamCountry "SLO"]

1. d4 Nf6 2. Nf3 g6 3. Bf4 Bg7 4. e3 0-0 5. Be2 d5 6. h3 c5 7. 0-0 Qb6 8. b3 Nc6 9. c3 Ne4 10. Nfd2 e5 11. Nxe4 dxe4 12. dxc5 Qxc5 13. Bg5 h6 14. Bh4 Be6 15. b4 Qb6 16. Nd2 g5 17. Bg3 Rad8 18. Qc2 f5 19. Bc4 Bf7 20. Rad1 Qc7 21. Qb3 Rd3 22. Bxf7+ Qxf7 23. Qxf7+ Kxf7 24. Nb1 Rfd8 25. Rde1 Ke6 26. a4 Bf8 27. Bh2 Ne7 28. b5 Nd5 29. Rc1 Nb6 30. a5 Nc4 31. a6 bxa6 32. bxa6 R8d6 33. g4 f4 34. exf4 exf4 35. h4 Rxa6 36. Rfe1 Kd5 37. Rcd1 Ra1 38. hxg5 hxg5 39. Rxd3+ exd3 40. Kg2 Na3 41. Re8 Nxb1 42. Rxf8 Nxc3 43. Rd8+ Kc4 44. Bxf4 gxf4 45. g5 Ra5 46. Kf3 Rxg5 47. Kxf4 Rd5 0-1